El tiempo en los andes del norte de Ecuador y sur de Colombia : un análisis de la cronología a la luz de nuevos datos /

Las dataciones obtenidas con el método del carbono 14 (C14) tienen gran aceptación entre los arqueólogos; sin embargo, es importante evaluar cuidadosamente estos datos al construir con ellos cronologías regionales. El caso del área andina del sur de Colombia y norte del Ecuador, ilustra bien este pr...

Full description

Bibliographic Details
Main Author: Lleras Pérez, Roberto
Other Authors: Gutiérrez, Javier, Gómez, Luz
Format: Analitica de revista
Language:Spanish
Published: Santiago, Chile Museo Chileno de Arte Precolombino 2006
Online Access:Acceso electrónico al documento

MARC

LEADER 00000cab a2200000 a 4500
001 026368
003 UAHC_CL
005 20180809115826.0
008 071108s2007 cl j 000 1 spa
952 |0 0  |1 0  |4 0  |6 BOL__MUS_CHIL_ARTE_PRECOLOMB_01_07_000000000000000  |7 0  |8 General  |9 53192  |a BC  |b BC  |c General  |d 2017-08-03  |l 0  |o BOL.MUS.CHIL.ARTE PRECOLOMB.-01/07  |p FICTICIO1138  |r 2019-01-08 00:00:00  |t 1  |w 2017-08-03  |y REVA 
999 |c 26368  |d 26368 
040 |a UAHC_CL  |c UAHC_CL  |d UAHC_CL 
100 1 |a Lleras Pérez, Roberto 
245 1 3 |a El tiempo en los andes del norte de Ecuador y sur de Colombia :  |b un análisis de la cronología a la luz de nuevos datos /  |c Roberto Lleras Pérez, Luz Alba Gómez, Javier Gutiérrez. 
260 |c 2006  |b Museo Chileno de Arte Precolombino  |a Santiago, Chile 
300 |a p. 61-83 
500 |a En: Boletin del museo chileno de arte precolombino, vol. 12, n¼7, 2007. pp. 61-83. ISSN 07161530. 
520 |a Las dataciones obtenidas con el método del carbono 14 (C14) tienen gran aceptación entre los arqueólogos; sin embargo, es importante evaluar cuidadosamente estos datos al construir con ellos cronologías regionales. El caso del área andina del sur de Colombia y norte del Ecuador, ilustra bien este problema. Una recopilación sistemática de las fechas de C14 obtenidas en la zona se evalúa detalladamente para construir las cronologías de los complejos metalúrgicos, cerámicos, líticos, textiles y de madera, contribuyendo así a documentar colecciones de museo\carentes de contexto. Esta discusión conduce a una propuesta de periodización cultural para el área. 
700 1 |a Gutiérrez, Javier 
700 1 |a Gómez, Luz 
700 1 |a Gutiérrez, Javier 
700 1 |a Gómez, Luz 
773 0 |t Boletín del museo chileno de arte precolombino.  |w 026361 
856 |u http://www.precolombino.cl/es/biblioteca/pdf/bol12-1/cap1.pdf  |y Acceso electrónico al documento 
900 |a BOL.MUS.CHIL.ARTE PRECOLOMB.-01/07 
942 |c REVA  |2 ddc